Laddar...

Swanthantryothar hindi natak jan sadaran ke pariprakshay mein

Bibliografiska uppgifter
Huvudupphovsman: Rejan Thivari
Publicerad: Abhay Prakashan
LEADER 00233 a2200097 4500
020
260 |b Abhay Prakashan 
942 |c BK  |6 _ 
245 |a Swanthantryothar hindi natak jan sadaran ke pariprakshay mein 
100 |a Rejan Thivari 
999 |c 63305  |d 63305